El Bengalí /

Ramón Guardia es un escritor nacido en Cataluña.

שמור ב:
מידע ביבליוגרפי
מחבר ראשי: Guardia, Ramón (autor)
פורמט: ספר
שפה:ספרדית
יצא לאור: México : Punto por Punto, 1985
נושאים:
תגים: הוספת תג
אין תגיות, היה/י הראשונ/ה לתייג את הרשומה!

MARC

LEADER 00000nam^a2200000^a^4500
001 000022270
005 20250521000000.0
009 20260310084449.86
037 |a Acervo ITESO - Biblioteca 
041 |a ESP 
082 |a 863.  |b GUA 
100 |a Guardia, Ramón  |e (autor) 
245 1 3 |a El Bengalí /  |c R. Guardia. 
264 1 |a México :  |b Punto por Punto,  |c 1985 
300 |a 277 p. 
336 |a texto  |b txt  |2 rdacontenido 
337 |a sin mediación  |b n  |2 rdamedio 
338 |a volumen  |b nc  |2 rdasoporte 
520 |a Ramón Guardia es un escritor nacido en Cataluña. 
649 |a XX 
650 |a Literatura Española 
650 |a Novela Española 
650 |a Literatura Española -  |y Siglo XX 
910 |a Fondo General 
920 |a Impresos - Libros 
930 |a Colección General 
940 |a Literatura 
905 |a 101 
901 |a 0222700100  |b IT1  |c LIT  |i 022270  |u 20250521 
902 |a https://opac.biblio.iteso.mx/vufind/Record/000022270